| 000 | 00895nas a22002291i#4500 | ||
|---|---|---|---|
| 001 | 728 | ||
| 003 | ES-MaACL | ||
| 005 | 20250724062533.0 | ||
| 007 | t| | ||
| 008 | 950801d17811787sp | | 1 ||pa d | ||
| 080 | _a460 | ||
| 245 | 0 | 0 |
_aCorreo literario de la Europa _b:en el qual se da noticia de los libros nuevos, de las invenciones y adelantamientos hechos en Francia, y otros reynos extrangeros, pertenecientes a las ciencias, agricultura, comercio, artes y oficios / _c[dir. Joaquín de Escartín]. |
| 260 |
_aMadrid : _bHilario Santos Alonso, _c1781-1787. |
||
| 300 |
_a1 v. ; _c21 cm. |
||
| 310 | _aSemanal | ||
| 362 | 0 | _aN. 1 (31 mayo 1781)- ; [2ª época], n. 1 (5 oct. 1786)-n. 13 (4 en. 1787) | |
| 650 | 7 |
_aCultura _2embne _9170963 |
|
| 700 | 1 |
_aEscartín, Joaquín de, _edir. _9227508 |
|
| 852 |
_aES-MaACL _jR-833 _xOlim: G-1215 |
||
| 866 | 0 | _o1781. | |
| 999 |
_c728 _d728 |
||